000 00314nam a2200121Ia 4500
008 210430s9999 xx 000 0 und d
082 _a491.425 S5241P
100 _aSafdar Ali Shah
_91544
245 _aPunjabi Grammar /
_cSafdar Ali Shah
260 _aNUST
_bIslamabad
_c2015
300 _a167p.
942 _cBK
_2ddc
999 _c565503
_d565503